Fjords of Norway - with a map - Statistics

General Stats
  • This quiz has been taken 101 times
  • The average score is 4 of 12
Answers on the Map
Answers color-coded by a green-red scale on the quiz's map according to % correct below.
 
Answer Stats
Fjord Length in km/mi % Correct
O {Oslo}fjord 100 | 62
93%
S {Sogne}fjord 205 | 127
65%
T {Trondheim}fjord 130 | 82
64%
H {Hardanger}fjord 179 | 111
62%
V {Varanger}fjord 100 | 62
35%
N {Nord}fjorden 106 | 66
32%
P {Porsanger}fjorden 123 | 76
25%
V {Vest}fjorden 155 | 96
20%
S {Stor}fjorden 110 | 68
14%
L {Lyngen}fjorden 121 | 75
12%
K {Kvænangen}fjord 117 | 73
7%
U {Ulls}fjord 110 | 68
4%
No matching quizzes found
Score Distribution
Percent of People with Each Score
Percentile by Number Answered
Your Score History
You have not taken this quiz